000 00440nam a2200181Ia 4500
001 9999
005 20260306161759.0
008 260306t1973||||xx |||||||||||||| ||spa||
041 _aESP
082 _aPE 869.56
_bR52 1972
100 _aRibeyro, Julio Ramón
_eAUT
245 0 _aLa palabra del mudo:
_bcuentos 52/72
260 _c1973
300 _a291 páginas :
_c21 cm.
650 _aGEN
654 _aCHU
942 _cLIB
_dJUS
_fJUS
_2ddc
_n
999 _c9999
_d9999